Alianza por el cambio: hacia el desarrollo sostenible en El Salvador
Zapisane w:
| Format: | Texto |
|---|---|
| Hasła przedmiotowe: | |
| Etykiety: |
Dodaj etykietę
Nie ma etykietki, Dołącz pierwszą etykiete!
|
MARC
| LEADER | 00000 a a2200000 04500 | ||
|---|---|---|---|
| 001 | 6858 | ||
| 003 | |||
| 040 | |||
| 245 | |a Alianza por el cambio: |b hacia el desarrollo sostenible en El Salvador | ||
| 650 | |a DELINCUENCIA | ||
| 650 | |a CORRUPCION | ||
| 650 | |a DESEMPLEO | ||
| 650 | |a ECONOMIA | ||
| 650 | |a EL SALVADOR | ||
| 773 | |g volumen 28, número 1257; páginas 15-16 | ||
| 999 | |c 26289 |d 26289 | ||
